01254nam a2200289Ia 4500001001200000003000800012006001900020007001500039008004100054020001500095040002100110035002100131050002600152245011800178260007700296300002300373504005600396533015200452650007000604650002200674655002900696700002200725710005500747710001700802856012600819999001900945ebr10176416CaPaEBRm u cr cn|||||||||990428s1999 onca sb 000 0 eng d z0889368287 aCaPaEBRcCaPaEBR a(OCoLC)24360633414aTD195.M5bM564 1999eb00aMining and the environmenth[electronic resource] :bcase studies from the Americas /cedited by Alyson Warhurst. aOttawa, ON, Canada :bInternational Development Research Centre,cc1999. aix, 335 p. :bill. aIncludes bibliographical references (p. [319]-335). aElectronic reproduction.bPalo Alto, Calif. :cebrary,d2009.nAvailable via World Wide Web.nAccess may be limited to ebrary affiliated libraries. 0aMineral industriesxEnvironmental aspectszAmericavCase studies. 0aGreen technology. 7aElectronic books.2local1 aWarhurst, Alyson.2 aInternational Development Research Centre (Canada)2 aebrary, Inc.40uhttp://site.ebrary.com/lib/rucke/Doc?id=10176416zAn electronic book accessible through the World Wide Web; click to view c237625d237625